000 00489 a2200157 4500
020 _a0130461091
040 _aDLC
_bDLC
100 _aDix, Alan
245 0 0 _aHuman-computer interaction
_cAlan Dix, Janet Finlay, Gregory D. Abowd & Russell Beale.
250 _a3rd ed.
260 _aNew Delhi :
_bPearson Education,
_c2004.
300 _a834 p. :
_bill.
650 0 _aHuman-computer interaction.
700 1 _a Janet Finlay, Gregory D. Abowd & Russell Beale.
942 _cBK
_k004.019 DIX
_2ddc
999 _c10304
_d10304